Sports Quiz

Random Sports or WWE Quiz

Grand Slam Title PPV Match Participants Quiz Stats

Quiz not verified by Sporcle

Challenge
Share
Tweet
Embed
Score 0/24 Timer 10:00
1 Play Today
First Grand Slam PPV Title Shot Wrestler % Correct
WWF Survivor Series '99 (IC)Chris Jericho
90.6%
WWE Extreme Rules '13 (Tag)Seth Rollins
89.7%
WWF King of the Ring '98 (World)Kane
87%
WWE Judgment Day '08 (Tag)The Miz
85.2%
WWE Armageddon '03 (IC)Randy Orton
82.7%
WWF WrestleMania 2000 (Euro/IC)Chris Benoit
80.4%
WWE TLC '09 (World)Sheamus
78.2%
WWE Night of Champions '10 (US)Daniel Bryan
76.7%
WWF WrestleMania 2000 (Tag)Christian
76.4%
WWF SummerSlam '99 (Tag)Big Show
75.5%
WWE Night of Champions '09 (IC)Dolph Ziggler
73.4%
WWF Fully Loaded '99 (Tag)JBL
73.1%
First Grand Slam PPV Title Shot Wrestler % Correct
WWF Royal Rumble '92 (World)Ric Flair
71.6%
WWF WrestleMania X8 (IC)Rob Van Dam
71%
WWE Night of Champions '12 (US)Cesaro
69.5%
WWE Night of Champions '08 (IC)Kofi Kingston
69.2%
WWF SummerSlam '00 (IC)Eddie Guerrero
68%
WWF No Way Out '02 (Tag)Booker T
59.8%
WWE Judgment Day '08 (Tag)John Morrison
59.8%
WWE SummerSlam '11 (World)Alberto Del Rio
58.6%
WWE Extreme Rules '13 (US)Dean Ambrose
54%
WWE Wrestlemania XXVI (Tag)R-Truth
52.3%
WWE Vengeance '05 (IC)Carlito
42%
WWE Night of Champions '08 (Tag)Ted Dibiase Jr.
39.6%

You're not logged in!

Compare scores with friends on all Sporcle quizzes.
Join for Free
OR
Log In

You Might Also Like...

Show Comments

Extras

Top Quizzes Today


Score Distribution

Your Account Isn't Verified!

In order to create a playlist on Sporcle, you need to verify the email address you used during registration. Go to your Sporcle Settings to finish the process.

Report this User

Report this user for behavior that violates our Community Guidelines.

Details: